000 00852nam a2200181 4500
008 061208s2004 ph ab b 011 0 eng
090 _aBX1661.M2
_bH23s
100 1 _aHarper, Anna Maria L.
245 1 0 _aSanta Cruz Church :
_ba living heritage /
_cAnna Maria L. Harper.
260 _aSta. [i.e. Santa] Cruz, Manila :
_bSta. Cruz Parish Pastoral Council,
_cc2004.
300 _a149 p. :
_bill. (some col.), maps ;
_c31 cm.
500 _a"This commemorates in a very special way the 382nd anniversary celebration of the establishment of the Sta. Cruz Church"--P. 3.
504 _aIncludes bibliographical references (p. 145-146) and index.
620 4 _aCatholic Church
_xPhilippines
_xHistory.
710 2 2 _aSanta Cruz Church (Manila, Philippines).
951 _p30021
_x00033935
_oBX1661.M2/H23s
_j070613111619890
_d2000-12-21
_cOS-FIL
999 _c28100
_d28100